MDQL
is popping MORE tags! Check the
thread
!
Quizzes
Events
Quiz Creation
Community
Videos
Private Events
Remove Ads
Sign In
Join for FREE
Feedback
Dark Mode
Quiz Categories
Sports
Geography
Music
Movies
Television
Just For Fun
Miscellaneous
History
Literature
Language
Science
Gaming
Entertainment
Religion
Holiday
For Kids
Quiz Lab
Recent
Popular Today
Quiz Kudos Today
Editor Picks
Curator Picks
Quizzes by...
Day
Popularity
Type
Ratings
Length
Year
Community
Subscriptions
Recent Discussions
Orange Saloon
Badges
Playlists
Quests
Create
Leaderboards
Showdown
Live 5
Trivia Bingo
Activity
Puzzle Library
Sporcle Events
Private Events
Virtual Trivia
Globe League
Become a Host
Pub Owners
SporcleCon
Opinionation
Our Games
Videos
Blog
Mobile Apps
Partnerships
Remove Ads and Go Orange
Feedback
Sports
Athletes
MLB
NBA
NHL
NFL
Soccer
Sports Teams
WWE
NCAA
Football
Premier League
Basketball
Baseball
Hockey
Golf
Tennis
Cricket
Rugby
Auto Racing
Olympics
World Cup
Sports
Athletes
MLB
NBA
NHL
NFL
Soccer
Sports Teams
WWE
NCAA
Football
Premier League
Basketball
Baseball
Hockey
Golf
Tennis
Cricket
Rugby
Auto Racing
Olympics
World Cup
Random Quiz
Search Sporcle
×
Quiz Lab
Quiz Lab
Sports
Raymond
Click on answers out of a set of options
Click on answers out of a set of options
Multiple Choice
Best Score? Go Orange.
Raymond van Barneveld Stats
How much do you know about Dutch darts star Raymond van Barneveld?
By
sbarnard310
6m
15 Questions
1,456 Plays
1,456 Plays
1,456 Plays
Comments
Comments
Give Quiz Kudos
Give Quiz Kudos
-
- Ratings
hide this ad
Random Order
Randomize order of answers
Randomize order of answers
Replay
Link that replays current quiz
Next Quiz
Link to next quiz in quiz playlist
You Got
0%
They Got
Avg Score
55%
Avg Friend Score
Upgrade to see
Score Distribution
Jump to the score distribution portion of the page
Score
0/15
Timer
06:00
0
Plays Today
Question
Answer
Wrong Answers
A couple of easy questions to get you warmed up; what song does Barney walk on to?
'Eye Of The Tiger' by Survivor
98.6%
'Give It Up' by K.C. & The Sunshine Band
0.7%
'The Power' by Snap
0.4%
'Sylvia' by Focus
0.2%
How many world titles has Van Barneveld won, across the BDO and PDC?
5
88.3%
4
4.3%
3
1.9%
6
5.3%
How many of those world titles were in the PDC?
1
79.4%
2
10.4%
3
6.7%
4
3.3%
Van Barneveld famously beat Taylor in the 2007 PDC World Championship final, after being 3-0 down in sets, but by which scoreline?
7-6
78.5%
7-5
8.8%
7-4
4.9%
7-3
4.1%
Van Barneveld threw the Premier League's and his first televised 9-darter in 2006, but against which opponent?
Peter Manley
66.6%
Phil Taylor
6.5%
Wayne Mardle
13.3%
Roland Scholten
11.3%
Which BDO legend did Barney beat in the final to win his last Lakeside World Championship in 2005?
Martin Adams
61.3%
Ted Hankey
14.4%
Andy Fordham
13.9%
Tony O'Shea
9.6%
Van Barneveld has the joint-most amount of 9-darters in any World Championship with 2, but with which other star?
Adrian Lewis
60.9%
Phil Taylor
19.1%
Michael van Gerwen
14.6%
Terry Jenkins
2.3%
Which of the following PDC Major titles has Barney NOT won to date, as of March 2017?
World Grand Prix
55.9%
Premier League
8%
Grand Slam
15.3%
UK Open
17.5%
Which year did the legendary Dutchman cross over to the PDC?
2006
51.7%
2005
11.9%
2004
7.6%
2007
28%
As of March 2017, how many televised 9-darters has Barney thrown?
5
44.1%
6
18.1%
7
12%
4
23.1%
What was Barney's first BDO Major title, back in 1995?
Zuiderduin Masters
35.4%
World Championship
17.4%
World Darts Trophy
19.4%
World Masters
27.3%
In which year did Barney first face old rival Phil Taylor in an official match?
1990
30.9%
1987
7.2%
1993
26.4%
1996
34%
From 1998-2006, which former PDC star did Barney beat 8 times in succession?
Peter Manley
28.2%
Wayne Mardle
28%
Colin Lloyd
25.1%
Dennis Priestley
15.4%
From 2008-2015, who did Van Barneveld lose 7 straight matches to?
Kim Huybrechts
25%
Simon Whitlock
35.9%
Vincent van der Voort
8.8%
Terry Jenkins
29.1%
Barney's first official win over Taylor came in the Swiss Open semis, on his way to lifting the title. But in which year?
2000
23.6%
1998
20.5%
1996
21.9%
1994
31.8%
Quiz Playlist
Details
Report
Send in Message
Add To Playlist
Multiple Choice:
Click on answers out of a set of options
Random Order:
Randomize order of answers
Last Updated: Apr 26, 2017
Quiz Scoreboard
CHALLENGE
Sign Up to Join the Scoreboard
Show All
Scores
Hide
Comments
May contain spoilers
Recently Published
Street Fighter Characters
by Artimus82
Gaming
60s
9x9 Crossword: Cartoon Network
by jackfrog10
Miscellaneous
3m
College Basketball Coaching Resumes
by pancakes188
Sports
9m
More to Explore
Quiz From the Vault
Featured Blog Post
Where Did the Easter Bunny Come From?
hide this ad
You Might Also Like...
Tags
dart
dutch
much
Raymond
star
Van
Today's Top Quizzes in Sports
Browse Sports
hide this ad
Top Contributed Quizzes in Sports
1
2022 World Cup Stars
2
Les meilleurs buteurs des matchs entre le PSG et l’OM
3
FIFA Club World Cup Champions
4
Les entraîneurs de l'OM et du PSG au 21e siècle
5
Criteria MLB: Left Handed Sluggers
6
2023 MLB Unique Player Accomplishments
7
AFC Teams Reveal (Wrong Answers Minefield)
8
5-to-1: FBS Animal Nicknames
9
Players with Multiple 50 Home Run Seasons
10
5-to-1: UK Sports Teams
Explore More
Trending Topics
Marvel
NBA
Harry Potter
Crossword
Anime
Kpop
Disney
Pokémon
NFL
Soccer
Country
Puzzle
Song
WWE
The Office
hide this ad
More By:
sbarnard310
Quiz
Plays
Rating
Category
Featured
Created
Raymond van Barneveld
1,456
5.00
Sports
Apr 19, 2017
PDC World Cup of Darts countries
896
5.00
Sports
Apr 22, 2017
Darts Quiz
832
4.67
Sports
Oct 26, 2016
Premier League Darts participants
592
5.00
Sports
Apr 7, 2017
Peter Wright
577
5.00
Sports
May 9, 2017
Go to Creator's Profile
Score Distribution
Quiz Creator Spotlight
sbarnard310
Follow
Send a Message
Quizzes Created
-
Created Quiz Play Count
-
More By This Creator
Popular Quizzes Today
1
Find the US States - No Outlines Minefield
2
Find the Countries of Europe - No Outlines Minefield
3
The Countries of the World
4
Find the US States
5
Risky Map Clicking: Biggest States A-Z
6
US States
7
Popular People in 1961
8
Movies - When Are They Set?
More Sports Quizzes
Profile: Frank Thomas
Curator's Pick
Trending Quizzes
Risky Map Clicking: Least Populous States A-Z
Countries of the World: 200 Million BC
Billboard Blitz: Aretha Franklin
1-10 Letter G Words
Famous Russians: Author or Composer?
Recently Updated
Leaping Animals
pecheneg
Reality TV Shows (A-Z)
bhenderson79
Rickey Henderson's Hall of Fame Teammates
pecheneg
Champions League XIs: Arsenal
pecheneg
Quick Pick: Celebrities in WWE's Hall of Fame
aduchscher
A-Z Keypad Blitz II
pecheneg
Multiple Oscar Actors
pecheneg
Mystery Phrase Blitz: Oscar 'Best Actors'
pecheneg
F. Scott Fitzgerald Novels
LTH
Pick 3 Villains
ddd62291
Trending Topics
Crossword
Disney
Harry Potter
Kpop
Anime
NBA
Marvel
Pokémon
The Office
Soccer
WWE
Puzzle
NFL
Country
Song
Your Account Isn't Verified!
In order to create a playlist on Sporcle, you need to verify the email address you used during registration. Go to your
Sporcle Settings
to finish the process.
Report this User
Report this user for behavior that violates our
Community Guidelines
.
Details:
Send Report
Go to the Sporcle.com Mobile Site →
Comments